Kamus biologi : (Record no. 46970)

MARC details
000 -LEADER
fixed length control field 00684nam a2200241 i 4500
001 - CONTROL NUMBER
control field C2-0148370
003 - CONTROL NUMBER IDENTIFIER
control field PPAK
005 - DATE AND TIME OF LATEST TRANSACTION
control field 20180727131541.0
008 - FIXED-LENGTH DATA ELEMENTS--GENERAL INFORMATION
fixed length control field 980322s1996 my |||| ||||| | may d
020 ## - INTERNATIONAL STANDARD BOOK NUMBER
International Standard Book Number 983624929X
040 ## - CATALOGING SOURCE
Original cataloging agency PPAK
Language of cataloging eng
Transcribing agency PPAK
Description conventions rda
082 04 - DEWEY DECIMAL CLASSIFICATION NUMBER
Classification number 595.703
Edition number 23
090 00 - LOCALLY ASSIGNED LC-TYPE CALL NUMBER (OCLC); LOCAL CALL NUMBER (RLIN)
Classification number (OCLC) (R) ; Classification number, CALL (RLIN) (NR) 595.703
Feature heading KAM
Feature heading R
245 00 - TITLE STATEMENT
Title Kamus biologi :
Remainder of title entomologi
264 #1 - PRODUCTION, PUBLICATION, DISTRIBUTION, MANUFACTURE, AND COPYRIGHT NOTICE
Place of production, publication, distribution, manufacture Kuala Lumpur :
Name of producer, publisher, distributor, manufacturer Dewan Bahasa dan Pustaka ,
Date of production, publication, distribution, manufacture, or copyright notice 1996
300 ## - PHYSICAL DESCRIPTION
Extent xv, 150 pages ;
Dimensions 21 cm
336 ## - CONTENT TYPE
Source rdacontent
Content type term text
337 ## - MEDIA TYPE
Source rdamedia
Media type term unmediated
338 ## - CARRIER TYPE
Source rdacarrier
Carrier type term volume
650 10 - SUBJECT ADDED ENTRY--TOPICAL TERM
Topical term or geographic name entry element Entomology - Dictionaries
700 1# - ADDED ENTRY--PERSONAL NAME
Personal name Tang, Keng Hong ; Jambari Haji Ali,
Relator term compile
942 ## - ADDED ENTRY ELEMENTS (KOHA)
-- dc
Koha item type Book
Holdings
Withdrawn Not for loan Current library Shelving location Date acquired Full call number Barcode Date last seen Koha item type
  Not For Loan Perpustakaan Alor Setar Rujukan Dewasa 22/01/1998 R 595.703 KAM A00099778 08/05/2018 Book
  Not For Loan Perpustakaan Alor Setar Rujukan Dewasa 10/01/1999 R 595.703 KAM A00232296 08/05/2018 Book
  Not For Loan Perpustakaan Awam Sungai Petani Rujukan Dewasa 10/01/1999 R 595.703 KAM A00232295 08/05/2018 Book
  Not For Loan Perpustakaan Baling Rujukan Dewasa 12/08/2003 R 595.703 KAM A00807212 08/05/2018 Book
  Not For Loan Perpustakaan Bandar Baharu Rujukan Dewasa 22/01/1998 R 595.703 KAM A00099783 08/05/2018 Book
  Not For Loan Perpustakaan Jitra Rujukan Dewasa 22/01/1998 R 595.703 KAM A00099782 08/05/2018 Book
  Not For Loan Perpustakaan Jitra Rujukan Dewasa 10/01/1999 R 595.703 KAM A00232294 08/05/2018 Book
  Not For Loan Perpustakaan Kulim Rujukan Dewasa 10/01/1999 R 595.703 KAM A00232293 08/05/2018 Book
  Not For Loan Perpustakaan Merbok Rujukan Dewasa 22/01/1998 R 595.703 KAM A00099779 08/05/2018 Book
  Not For Loan Perpustakaan Merbok Rujukan Dewasa 10/01/1999 R 595.703 KAM A00231834 08/05/2018 Book
  Not For Loan Perpustakaan Yan Rujukan Dewasa 10/01/1999 R 595.703 KAM A00232292 08/05/2018 Book